Guia de la Hacienda Pública (Record no. 68412)

MARC details
000 -LEADER
campo de control de longitud fija 00577nam a2200193 i 4500
001 - NÚMERO DE CONTROL
campo de control 68412
003 - IDENTIFICADOR DE NÚMERO DE CONTROL
campo de control ES-MaACL
005 - FECHA Y HORA DE LA ÚLTIMA TRANSACCIÓN
campo de control 20250827062612.0
007 - CAMPO FIJO DE DESCRIPCIÓN FÍSICA--INFORMACIÓN GENERAL
campo de control de longitud fija t|
008 - DATOS DE LONGITUD FIJA--INFORMACIÓN GENERAL
campo de control de longitud fija 931025s1841 sp ||||1| spa d
110 1# - ENTRADA PRINCIPAL--NOMBRE DE ENTIDAD CORPORATIVA
Nombre de entidad corporativa o nombre de jurisdicción como elemento de entrada España
9 (RLIN) 3622
240 00 - TÍTULO UNIFORME
Título uniforme Leyes, etc.
245 10 - MENCIÓN DEL TÍTULO
Título Guia de la Hacienda Pública
Resto del título : parte legislativa de 1840 /
Mención de responsabilidad, etc. ... por Antonio Garcia Jimenez.
260 ## - PUBLICACIÓN, DISTRIBUCIÓN, ETC.
Lugar de publicación, distribución, etc. Madrid :
Nombre del editor, distribuidor, etc. [s.n.],
Fecha de publicación, distribución, etc. 1841 (
Fabricante Imp. de Jose Palacios)
300 ## - DESCRIPCIÓN FÍSICA
Extensión 561 p. ;
Dimensiones 16 cm.
700 1# - ENTRADA AGREGADA--NOMBRE PERSONAL
Nombre de persona García Jiménez, Antonio.
9 (RLIN) 54796
852 ## - LOCALIZACIÓN
Ubicación ES-MaACL
Número de control de estantería G-10580
Holdings
Estatus retirado Estado de pérdida Estado de daño No para préstamo Colección Biblioteca de origen Biblioteca actual Ubicación en estantería Fecha de adquisición Fuente de adquisición Total de préstamos Signatura topográfica completa Código de barras Visto por última vez Precio de reemplazo Tipo de ítem Koha
        Libros del s. XIX Biblioteca del Ateneo de Madrid Biblioteca del Ateneo de Madrid Sala Pecera Planta 3 17/01/2008     G-10580 1071613 23/02/2023 23/02/2023 Libro impreso antiguo